| 000 | 01274nam a22002297a 4500 | ||
|---|---|---|---|
| 999 |
_c59083 _d59083 |
||
| 003 | Ge_BSU | ||
| 005 | 20221122113917.0 | ||
| 008 | 221122s1971ge xxu||||| |||| 00| 0 geo d | ||
| 041 | _ageo | ||
| 080 | _a821.163.2-31 ვ-11 | ||
| 100 |
_aვაზოვი, ივან, 1850-1921, ავტორი. _915977 |
||
| 245 |
_aდამონებულნი : _b [ბულგარელი მწერლის რომანი] / _cივან ვაზოვი ; [თარგმნა თ. სახოკიამ ; ო. გვინჩაძის წინასიტყვ.]. |
||
| 264 |
_aთბილისი : _b საბჭოთა საქართველო, _c1971. |
||
| 300 |
_a513 გვ. : _b1 ფ. პორტრ. ; _c21 სმ. |
||
| 440 |
_aმსოფლიო ლიტერატურის ბიბლიოთეკა ; ტ. 59 სერია პირველი _915978 |
||
| 653 | _aდამონებულნი | ||
| 653 | _aრომანი | ||
| 653 | _aმხატვრული ლიტერატურა | ||
| 700 |
_aსახოკია, თ _eმთარგმნელი _915979 |
||
| 700 |
_aგვინჩაძე, ო _eწინასიტყვაობა _915980 |
||
| 942 |
_2udc _cBK |
||